000 25598nam a22022575i 4500
005 20230718140333.0
006 m|||||o||d||||||||
007 cr || ||||||||
008 221205t20212020pl fo d z eng d
020 _a9788366675377
040 _aDE-B1597
_beng
_cDE-B1597
_erda
041 0 _aeng
245 0 4 _aThe 1st Virtual Conference on Social Science in Law, Political Issue and Economic Development /
_ced. by Andista Candra Yusro, Mochammad Tanzil Multazam, Robbi Rahim.
264 1 _aWarsaw ;
_aBerlin :
_bSciendo,
_c[2021]
264 4 _c©2020
300 _a1 online resource (438 p.)
336 _atext
_btxt
_2rdacontent
337 _acomputer
_bc
_2rdamedia
338 _aonline resource
_bcr
_2rdacarrier
347 _atext file
_bPDF
_2rda
505 0 0 _tFrontmatter --
_tPreface --
_tTable of Contents --
_tBrand Trust and Their Effects on the Decision to Choose School --
_tThe Impact of the Halal Label on Purchasing for Non Alcoholic Drinks: Learning from the "Fayrosuz" Brand in Indonesia --
_tThe Urgency of Involving the Indonesian Confucian Religion High Council in the Marriage Registration Process as a Development of an Orderly Model of Population Administration --
_tResponse of Python Bivittatus Snake Keepers to the Regulation System for Life Protection --
_tGlobalization is not a Threat for Islam --
_tBalancing the Domination of Money Politics in Regional Head Elections --
_tStructural Transformation in Madura --
_tThe Study of Cheating among Academic Fields for Medan University Students --
_tAnalysis of Regional Financial Independence and Efficiency Associated with Economic Growth in Pasangkayu Regency in The Period of 2013-2018 --
_tThe Consequent of Marriage Order Towards the Legal Status of Children in West Kalimantan --
_tEvaluation of Implementation of Nine-Year Compulsory Education for Coastal Society in Bangka, Indonesia --
_tEducative Communication Techniques Between Parents and Children in the Koran --
_tStrengthening the Capacity of Government Apparatus in Sepa Batu Village, Tinambung District, Polewali Mandar Regency --
_tPDAM Legal Studies as Public Utilities Providers --
_tFinancial Information and Firm Value in Developing Markets: Are Investors Rational During Pandemic? --
_tCognitive-Behavioural Counseling with Modelling and Self-Management Techniques as Predictor Self Affiliation --
_tProtection of Copyright Law on Chintamani Weaving Motifs in Melawi Regency --
_tThe Concept of Triple Helix Mohammad Natsir as a Character Education Strategy in the Era of Merdeka Belajar-Kampus Merdeka --
_tThe Reconstruction of Business Dispute Resolution in Electronic Transactions (ECommerce) Based on the Value of Justice on Indonesia --
_tSelf-Disclosure of Counseling and Counseling Students Reviewed from Academic Year and Gender --
_tBuilding Green, Clean, and Antique Hospital Brand Image of Sidoarjo Regional Hospital with Public Relations Concept --
_tDiscipline, Punishment, and the Question of Child Friendly School Policy --
_tDetermination of Poverty and Environmental Conflict in Rural in the Order of Regional Autonomy --
_tAnalysis of Benefits, Discipline and Leadership Style in improving Employee Performance of the Ministry of Religion in Pekanbaru, Indonesia --
_tNetwork Policy in Cultural Heritage Development in Kuantan Singingi Regency --
_tEffect of Management of Market Levies Management on Trader Satisfaction --
_tGood Governance in Maintaining Peace and Order at Pangkalan Kerinci District, Pelalawan Regency --
_tManagerial Millennial Gojek Driver Performance Study in Medan City --
_tCommunity Aspirations in the Deliberation Forum of Gorontalo Regency Development Planning, Indonesia --
_tEpidemiological characteristics of the first cluster of COVID-19 in Magetan District - East Java, 2020 --
_tThe Role of Professional Ethics in the Prevention of Corruption Crimes in Indonesia --
_tRedistribution of Abondoned Land as an Alternative to Compliance Community Land --
_tInvolving the Role of Psychologists in Providing Just Teacher Protection --
_tImplementation of Customary Civil Procedure Laws in the Nagari Adat Court (KAN) --
_tIslamic Personal Political Branding: Taking the Muslim Community Votes on Local Government Election --
_tThe Impact of Product Innovation on Marketing Performance in Cosmetic Companies: A Study on Oriflame Indonesia --
_tLegal Protection of Patients Who are Harmed by Their Right to Health Care Policy --
_tConsumer Study in Tebing Tinggi Business Clinic Member in Industrial Era 4.0 --
_tClash of Regulations in Autonomous Province: Aceh-Indonesia Case Study --
_tHereditary of Waqf Asset by Kyai as Nazhir in Bangkalan, Madura --
_tDalihan Na Tolu Philosophy in Batak Toba Women Social Relation at Pangururan City Samosir Regency --
_tResolution of Land Disputes Through a Traditional Justice Institution in Nangroe Aceh Darussalam Province --
_tThe Role of Cognitive Conflict as a Moderating Variable Influence of Organizational Commitment and Attitudes on Implementation of Good Governance and Impact on Fraud Prevention --
_tDevelopment of the Covid-19 Prevention Campaign Model based Android for Early Childhood --
_tPublic Sector Innovations in Indonesia: A Systematic Review --
_tThe Community Social Mapping Implementation Near Kuala Namu International Airport --
_tThe Demographic Bonus Era in Indonesia: Church's Leaders Response According to Jesus' Leadership --
_tGood Corporate Governance in Measuring Finansial Performance and Organizational Capacity of Amil Zakat Institution (LAZ) --
_tThe Effectiveness of the Imposition of Prison Sentences or Fines for Perpetrators of Electronic Technology Information Violations (ITE) --
_tFactors that Affected the Performance of Elementary School Supervisors in Medan --
_tThe Effect of Ease of Use and Quality of Products on Decisions in Choosing Sharia Banking Products in Medan --
_tTri Mukti, Sapja Anantanyu, Mulyanto --
_tEroticism and Government in Javanese Traditional Dance (A Study on Lengger Traditional Dance Performance in Banyumas, Java, Indonesia) --
_tThe Efficiency of Village Funds in North Sumatra: Can it Contribute to Eliminate Poverty? --
_tGovernment and Community Participation in Disaster Preparedness Decision Making for Eastern Indonesian Communities --
_tJuridical Review of the Marital Status with False Divorce Certificate --
_tMarketing and Financial Strategies Organic Golla Mamea Processing Business in Mosso Village, Balanipa District, Polewali Mandar Regency
506 0 _funrestricted online access
_2star
520 _aWe are delighted to introduce the Virtual Conference on Social Science In Law, Political Issue And Economic Development 2020 with theme "Realizing Society 5.0 for a Better Life". The technical program has brought researchers and practitioners around the world to a good forum for discussing, leveraging and developing all scientific and technological aspects that are relevant to economic business, education and humanities. Moreover, it is a great pleasure to have the keynote and invited speakers of VCOSPILED 2020, Prof. Dr. Pujiono, Assoc. Prof. Ilham Sentosa, Ph.D and Dr. Siska Diana Sari, S.H., M.H who will share their knowledge and best innovative research findings in economic business, education and humanities. This conference is held by Kresna Acitya Media Nusantara in collaboration with Universitas Muhamadiyah Sidoarjo and Relawan Jurnal Indonesia. Kresna Acitya Media Nusantara is a company that is dedicated to maximize the impact of scientific publication, and Relawan Jurnal Indonesia, is a non-profit organization in the field of scientific publication. The conference will be held virtually using Zoom webinar on October 15, 2020. This conference has successfully acquired 180 participants and 55 presenters from 4 countries, Indonesia, Malaysia, Taiwan and Uzbekistan. Thus, all selected papers will be submitted for publication to our publishing partner SCIENDO. We hope that the future VCOSPILED 2020 will be as successful and stimulating, as indicated with the contributions presented in this volume. Aims and Scope The VCOSPILED is an academic conference that centered in Social Science In Law, Political Issue And Economic Development, is open and welcoming to contributions from the many disciplines and approaches that meet at the crossroads that is communication study. We are interested in scholarship that crosses disciplinary lines and speaks to readers from a range of theoretical and methodological perspectives. In other words, the VCOSPILED will be a forum for scholars when they address the wider audiences of our many sub-fields and specialties, rather than the location for the narrower conversations more appropriately conducted within more specialized conferences. We suggest the following broad areas of research: Economics & Business Education Humanities Interdisciplinary Studies Policy, Politics, and Communication Editorial Policy VCOSPILED Guidelines for Reviewers VCOSPILED Instruction for Authors VCOSPILED ABSTRACTING & INDEXINGConference is covered by the following services:Baidu ScholarCNKI Scholar (China National Knowledge Infrastructure)DimensionsExLibrisGoogle BooksGoogle ScholarNavigaReadCubeSemantic ScholarTDOne (TDNet)WorldCat (OCLC)X-MOL
538 _aMode of access: Internet via World Wide Web.
540 _aThis eBook is made available Open Access under a CC BY-NC-ND 4.0 license:
_uhttps://creativecommons.org/licenses/by-nc-nd/4.0
_uhttps://www.degruyter.com/dg/page/open-access-policy
546 _aIn English.
588 0 _aDescription based on online resource; title from PDF title page (publisher's Web site, viewed 05. Dez 2022)
650 7 _aBUSINESS & ECONOMICS / Management.
_2bisacsh
700 1 _aAbidondifu, Frans,
_econtributor.
_4ctb
_4https://id.loc.gov/vocabulary/relators/ctb
700 1 _aAdnan, Gunawan,
_econtributor.
_4ctb
_4https://id.loc.gov/vocabulary/relators/ctb
700 1 _aAdnans, Abdhy Aulia,
_econtributor.
_4ctb
_4https://id.loc.gov/vocabulary/relators/ctb
700 1 _aAdyanto, Tonang Dwi,
_econtributor.
_4ctb
_4https://id.loc.gov/vocabulary/relators/ctb
700 1 _aAnnurdi,,
_econtributor.
_4ctb
_4https://id.loc.gov/vocabulary/relators/ctb
700 1 _aApriani, Tini,
_econtributor.
_4ctb
_4https://id.loc.gov/vocabulary/relators/ctb
700 1 _aArabiyah, Syarifah,
_econtributor.
_4ctb
_4https://id.loc.gov/vocabulary/relators/ctb
700 1 _aArifiyanti, Nurul,
_econtributor.
_4ctb
_4https://id.loc.gov/vocabulary/relators/ctb
700 1 _aArmia, Muhammad Siddiq,
_econtributor.
_4ctb
_4https://id.loc.gov/vocabulary/relators/ctb
700 1 _aAziz, Abdul,
_econtributor.
_4ctb
_4https://id.loc.gov/vocabulary/relators/ctb
700 1 _aBaharudin, Erwan,
_econtributor.
_4ctb
_4https://id.loc.gov/vocabulary/relators/ctb
700 1 _aCahyadi, Ashadi,
_econtributor.
_4ctb
_4https://id.loc.gov/vocabulary/relators/ctb
700 1 _aChalidaziah, Wan,
_econtributor.
_4ctb
_4https://id.loc.gov/vocabulary/relators/ctb
700 1 _aChoiri, Muttaqin,
_econtributor.
_4ctb
_4https://id.loc.gov/vocabulary/relators/ctb
700 1 _aDahlia,,
_econtributor.
_4ctb
_4https://id.loc.gov/vocabulary/relators/ctb
700 1 _aDamanik, Syafrida,
_econtributor.
_4ctb
_4https://id.loc.gov/vocabulary/relators/ctb
700 1 _aDamaryanti, Henny,
_econtributor.
_4ctb
_4https://id.loc.gov/vocabulary/relators/ctb
700 1 _aDami, Zummy Anselmus,
_econtributor.
_4ctb
_4https://id.loc.gov/vocabulary/relators/ctb
700 1 _aDawi, Klara,
_econtributor.
_4ctb
_4https://id.loc.gov/vocabulary/relators/ctb
700 1 _aDestiarni, Resti Prastika,
_econtributor.
_4ctb
_4https://id.loc.gov/vocabulary/relators/ctb
700 1 _aDilham, Ami,
_econtributor.
_4ctb
_4https://id.loc.gov/vocabulary/relators/ctb
700 1 _aDjafar, Franky,
_econtributor.
_4ctb
_4https://id.loc.gov/vocabulary/relators/ctb
700 1 _aDoni, Dona,
_econtributor.
_4ctb
_4https://id.loc.gov/vocabulary/relators/ctb
700 1 _aErlina,,
_econtributor.
_4ctb
_4https://id.loc.gov/vocabulary/relators/ctb
700 1 _aErnawati,,
_econtributor.
_4ctb
_4https://id.loc.gov/vocabulary/relators/ctb
700 1 _aFikri, Rijalul,
_econtributor.
_4ctb
_4https://id.loc.gov/vocabulary/relators/ctb
700 1 _aFirdaus, Rizal,
_econtributor.
_4ctb
_4https://id.loc.gov/vocabulary/relators/ctb
700 1 _aFitria, Syiva,
_econtributor.
_4ctb
_4https://id.loc.gov/vocabulary/relators/ctb
700 1 _aFitriani, Rizki Amalia,
_econtributor.
_4ctb
_4https://id.loc.gov/vocabulary/relators/ctb
700 1 _aGade, Syabuddin,
_econtributor.
_4ctb
_4https://id.loc.gov/vocabulary/relators/ctb
700 1 _aGaol, Jonner Lumban,
_econtributor.
_4ctb
_4https://id.loc.gov/vocabulary/relators/ctb
700 1 _aHakam, Kama Abdul,
_econtributor.
_4ctb
_4https://id.loc.gov/vocabulary/relators/ctb
700 1 _aHamzah, Muhammad Luthfi,
_econtributor.
_4ctb
_4https://id.loc.gov/vocabulary/relators/ctb
700 1 _aHandayani, I. Gusti Ayu Ketut Rachmi,
_econtributor.
_4ctb
_4https://id.loc.gov/vocabulary/relators/ctb
700 1 _aHariasih, Misti,
_econtributor.
_4ctb
_4https://id.loc.gov/vocabulary/relators/ctb
700 1 _aHariyanto, Didik,
_econtributor.
_4ctb
_4https://id.loc.gov/vocabulary/relators/ctb
700 1 _aHartiwiningsih,,
_econtributor.
_4ctb
_4https://id.loc.gov/vocabulary/relators/ctb
700 1 _aHasibuan, Muhammad Iqbal,
_econtributor.
_4ctb
_4https://id.loc.gov/vocabulary/relators/ctb
700 1 _aHastian, Temmy,
_econtributor.
_4ctb
_4https://id.loc.gov/vocabulary/relators/ctb
700 1 _aHermawan, Sigit,
_econtributor.
_4ctb
_4https://id.loc.gov/vocabulary/relators/ctb
700 1 _aHermawati, Istiana,
_econtributor.
_4ctb
_4https://id.loc.gov/vocabulary/relators/ctb
700 1 _aHutahaean, Nelli Lusiana,
_econtributor.
_4ctb
_4https://id.loc.gov/vocabulary/relators/ctb
700 1 _aIchsan, Reza Nurul,
_econtributor.
_4ctb
_4https://id.loc.gov/vocabulary/relators/ctb
700 1 _aIdayanti, Soesi,
_econtributor.
_4ctb
_4https://id.loc.gov/vocabulary/relators/ctb
700 1 _aIkawati,,
_econtributor.
_4ctb
_4https://id.loc.gov/vocabulary/relators/ctb
700 1 _aIllu, Wilianus,
_econtributor.
_4ctb
_4https://id.loc.gov/vocabulary/relators/ctb
700 1 _aImanullah, Moch. Najib,
_econtributor.
_4ctb
_4https://id.loc.gov/vocabulary/relators/ctb
700 1 _aIspik, Ahmad,
_econtributor.
_4ctb
_4https://id.loc.gov/vocabulary/relators/ctb
700 1 _aIstyarini,,
_econtributor.
_4ctb
_4https://id.loc.gov/vocabulary/relators/ctb
700 1 _aJamin, M.,
_econtributor.
_4ctb
_4https://id.loc.gov/vocabulary/relators/ctb
700 1 _aJamin, Mohammad,
_econtributor.
_4ctb
_4https://id.loc.gov/vocabulary/relators/ctb
700 1 _aKarjoko, Lego,
_econtributor.
_4ctb
_4https://id.loc.gov/vocabulary/relators/ctb
700 1 _aKarkono, Drajat Tri,
_econtributor.
_4ctb
_4https://id.loc.gov/vocabulary/relators/ctb
700 1 _aKhairunnisa, Dhea Ariesta,
_econtributor.
_4ctb
_4https://id.loc.gov/vocabulary/relators/ctb
700 1 _aKhaldun, Riady Ibnu,
_econtributor.
_4ctb
_4https://id.loc.gov/vocabulary/relators/ctb
700 1 _aKhalidin, Bismi,
_econtributor.
_4ctb
_4https://id.loc.gov/vocabulary/relators/ctb
700 1 _aKontesa, Maria,
_econtributor.
_4ctb
_4https://id.loc.gov/vocabulary/relators/ctb
700 1 _aKusumandari, Rafika Bayu,
_econtributor.
_4ctb
_4https://id.loc.gov/vocabulary/relators/ctb
700 1 _aLatumahina, Dina Elisabeth,
_econtributor.
_4ctb
_4https://id.loc.gov/vocabulary/relators/ctb
700 1 _aLubis, Muhammad Ansori,
_econtributor.
_4ctb
_4https://id.loc.gov/vocabulary/relators/ctb
700 1 _aLubis, Yeti Meliany,
_econtributor.
_4ctb
_4https://id.loc.gov/vocabulary/relators/ctb
700 1 _aMafulla, Dian,
_econtributor.
_4ctb
_4https://id.loc.gov/vocabulary/relators/ctb
700 1 _aMakhtum, Ahmad,
_econtributor.
_4ctb
_4https://id.loc.gov/vocabulary/relators/ctb
700 1 _aMarimbun,,
_econtributor.
_4ctb
_4https://id.loc.gov/vocabulary/relators/ctb
700 1 _aMubarok, Afan Nur,
_econtributor.
_4ctb
_4https://id.loc.gov/vocabulary/relators/ctb
700 1 _aMultazam, Mochammad Tanzil,
_eeditor.
_4edt
_4http://id.loc.gov/vocabulary/relators/edt
700 1 _aMulyanto,,
_econtributor.
_4ctb
_4https://id.loc.gov/vocabulary/relators/ctb
700 1 _aMurti, Wahyu,
_econtributor.
_4ctb
_4https://id.loc.gov/vocabulary/relators/ctb
700 1 _aMuryanto, Yudho Taruno,
_econtributor.
_4ctb
_4https://id.loc.gov/vocabulary/relators/ctb
700 1 _aNasution, Lukman,
_econtributor.
_4ctb
_4https://id.loc.gov/vocabulary/relators/ctb
700 1 _aNoer, Khaerul Umam,
_econtributor.
_4ctb
_4https://id.loc.gov/vocabulary/relators/ctb
700 1 _aNovianto, Widodo Treno,
_econtributor.
_4ctb
_4https://id.loc.gov/vocabulary/relators/ctb
700 1 _aNurhidayah,,
_econtributor.
_4ctb
_4https://id.loc.gov/vocabulary/relators/ctb
700 1 _aNurngaeni, Evi,
_econtributor.
_4ctb
_4https://id.loc.gov/vocabulary/relators/ctb
700 1 _aOtok, Bambang Widjanarko,
_econtributor.
_4ctb
_4https://id.loc.gov/vocabulary/relators/ctb
700 1 _aPamungkas, Roni Anjar,
_econtributor.
_4ctb
_4https://id.loc.gov/vocabulary/relators/ctb
700 1 _aPohan, Rizky Andana,
_econtributor.
_4ctb
_4https://id.loc.gov/vocabulary/relators/ctb
700 1 _aPrapanca, Detak,
_econtributor.
_4ctb
_4https://id.loc.gov/vocabulary/relators/ctb
700 1 _aPratomo, Wahyu Ario,
_econtributor.
_4ctb
_4https://id.loc.gov/vocabulary/relators/ctb
700 1 _aPujiyono,,
_econtributor.
_4ctb
_4https://id.loc.gov/vocabulary/relators/ctb
700 1 _aPurnomo, Agoes Yudi,
_econtributor.
_4ctb
_4https://id.loc.gov/vocabulary/relators/ctb
700 1 _aPurwanto, Fredi,
_econtributor.
_4ctb
_4https://id.loc.gov/vocabulary/relators/ctb
700 1 _aPurwanto,,
_econtributor.
_4ctb
_4https://id.loc.gov/vocabulary/relators/ctb
700 1 _aPurwati, Astri Ayu,
_econtributor.
_4ctb
_4https://id.loc.gov/vocabulary/relators/ctb
700 1 _aPutra Kesmawan, Andri,
_econtributor.
_4ctb
_4https://id.loc.gov/vocabulary/relators/ctb
700 1 _aPutra, M. Umar Maya,
_econtributor.
_4ctb
_4https://id.loc.gov/vocabulary/relators/ctb
700 1 _aPutri, Fairus Dwi,
_econtributor.
_4ctb
_4https://id.loc.gov/vocabulary/relators/ctb
700 1 _aRahim, Robbi,
_eeditor.
_4edt
_4http://id.loc.gov/vocabulary/relators/edt
700 1 _aRahman, Arif,
_econtributor.
_4ctb
_4https://id.loc.gov/vocabulary/relators/ctb
700 1 _aRahmat, Doris,
_econtributor.
_4ctb
_4https://id.loc.gov/vocabulary/relators/ctb
700 1 _aRahmat, Ihsan,
_econtributor.
_4ctb
_4https://id.loc.gov/vocabulary/relators/ctb
700 1 _aRahmat, Muhammad,
_econtributor.
_4ctb
_4https://id.loc.gov/vocabulary/relators/ctb
700 1 _aRahmawati, Intan,
_econtributor.
_4ctb
_4https://id.loc.gov/vocabulary/relators/ctb
700 1 _aRigitta, Prinsi,
_econtributor.
_4ctb
_4https://id.loc.gov/vocabulary/relators/ctb
700 1 _aRizal, Ahmad Syamsu,
_econtributor.
_4ctb
_4https://id.loc.gov/vocabulary/relators/ctb
700 1 _aRizal, As'at,
_econtributor.
_4ctb
_4https://id.loc.gov/vocabulary/relators/ctb
700 1 _aRohi, Yohanis Udju,
_econtributor.
_4ctb
_4https://id.loc.gov/vocabulary/relators/ctb
700 1 _aRokhmaniah, Ainur,
_econtributor.
_4ctb
_4https://id.loc.gov/vocabulary/relators/ctb
700 1 _aRosnawati, Emy,
_econtributor.
_4ctb
_4https://id.loc.gov/vocabulary/relators/ctb
700 1 _aSabil, Jabbar,
_econtributor.
_4ctb
_4https://id.loc.gov/vocabulary/relators/ctb
700 1 _aSabri, Rijal,
_econtributor.
_4ctb
_4https://id.loc.gov/vocabulary/relators/ctb
700 1 _aSaid, Abdullah,
_econtributor.
_4ctb
_4https://id.loc.gov/vocabulary/relators/ctb
700 1 _aSalam, Abdul Jalil,
_econtributor.
_4ctb
_4https://id.loc.gov/vocabulary/relators/ctb
700 1 _aSaleh, Choirul,
_econtributor.
_4ctb
_4https://id.loc.gov/vocabulary/relators/ctb
700 1 _aSari, Dewi Komala,
_econtributor.
_4ctb
_4https://id.loc.gov/vocabulary/relators/ctb
700 1 _aSari, Eva Purwita,
_econtributor.
_4ctb
_4https://id.loc.gov/vocabulary/relators/ctb
700 1 _aSatria, Andi,
_econtributor.
_4ctb
_4https://id.loc.gov/vocabulary/relators/ctb
700 1 _aSatria, Rahmad,
_econtributor.
_4ctb
_4https://id.loc.gov/vocabulary/relators/ctb
700 1 _aSatrio, Arif Budi,
_econtributor.
_4ctb
_4https://id.loc.gov/vocabulary/relators/ctb
700 1 _aSaudi, Akbar Indrawan,
_econtributor.
_4ctb
_4https://id.loc.gov/vocabulary/relators/ctb
700 1 _aSebayang, Aleksander,
_econtributor.
_4ctb
_4https://id.loc.gov/vocabulary/relators/ctb
700 1 _aSerah, Yenny Aman,
_econtributor.
_4ctb
_4https://id.loc.gov/vocabulary/relators/ctb
700 1 _aSetia Putra, Imam Radianto Anwar,
_econtributor.
_4ctb
_4https://id.loc.gov/vocabulary/relators/ctb
700 1 _aSetiawan, Iwan,
_econtributor.
_4ctb
_4https://id.loc.gov/vocabulary/relators/ctb
700 1 _aSetiawati, Rini,
_econtributor.
_4ctb
_4https://id.loc.gov/vocabulary/relators/ctb
700 1 _aSetiyono, Wisnu Panggah,
_econtributor.
_4ctb
_4https://id.loc.gov/vocabulary/relators/ctb
700 1 _aSetyadi, Yusuf,
_econtributor.
_4ctb
_4https://id.loc.gov/vocabulary/relators/ctb
700 1 _aSimanjuntak, Arthur,
_econtributor.
_4ctb
_4https://id.loc.gov/vocabulary/relators/ctb
700 1 _aSinaga, Sarman,
_econtributor.
_4ctb
_4https://id.loc.gov/vocabulary/relators/ctb
700 1 _aSiregar, Budi Alamsyah,
_econtributor.
_4ctb
_4https://id.loc.gov/vocabulary/relators/ctb
700 1 _aSiregar, Gomgom T. P.,
_econtributor.
_4ctb
_4https://id.loc.gov/vocabulary/relators/ctb
700 1 _aSiregar, Mawardi,
_econtributor.
_4ctb
_4https://id.loc.gov/vocabulary/relators/ctb
700 1 _aSiswadi, S.,
_econtributor.
_4ctb
_4https://id.loc.gov/vocabulary/relators/ctb
700 1 _aSoeparno, Koentjoro,
_econtributor.
_4ctb
_4https://id.loc.gov/vocabulary/relators/ctb
700 1 _aSoeparno, Wahyu Sugeng Imam,
_econtributor.
_4ctb
_4https://id.loc.gov/vocabulary/relators/ctb
700 1 _aSomad, Momod Abdul,
_econtributor.
_4ctb
_4https://id.loc.gov/vocabulary/relators/ctb
700 1 _aSopiyah, Fivi Rahmatus,
_econtributor.
_4ctb
_4https://id.loc.gov/vocabulary/relators/ctb
700 1 _aSubhayano, Takihimi,
_econtributor.
_4ctb
_4https://id.loc.gov/vocabulary/relators/ctb
700 1 _aSuci Wulandari, Miftah Hayatun,
_econtributor.
_4ctb
_4https://id.loc.gov/vocabulary/relators/ctb
700 1 _aSudarmanto, Gunaryo,
_econtributor.
_4ctb
_4https://id.loc.gov/vocabulary/relators/ctb
700 1 _aSuhendri,,
_econtributor.
_4ctb
_4https://id.loc.gov/vocabulary/relators/ctb
700 1 _aSulistiyono, Adi,
_econtributor.
_4ctb
_4https://id.loc.gov/vocabulary/relators/ctb
700 1 _aSumartono,,
_econtributor.
_4ctb
_4https://id.loc.gov/vocabulary/relators/ctb
700 1 _aSunyigono, Andrie Kisroh,
_econtributor.
_4ctb
_4https://id.loc.gov/vocabulary/relators/ctb
700 1 _aSuparmin, Sudirman,
_econtributor.
_4ctb
_4https://id.loc.gov/vocabulary/relators/ctb
700 1 _aSupriadi,,
_econtributor.
_4ctb
_4https://id.loc.gov/vocabulary/relators/ctb
700 1 _aSuranto,,
_econtributor.
_4ctb
_4https://id.loc.gov/vocabulary/relators/ctb
700 1 _aSuriani, Rollys,
_econtributor.
_4ctb
_4https://id.loc.gov/vocabulary/relators/ctb
700 1 _aSusanto, Anggi Pradita,
_econtributor.
_4ctb
_4https://id.loc.gov/vocabulary/relators/ctb
700 1 _aSyahrul, Fariani,
_econtributor.
_4ctb
_4https://id.loc.gov/vocabulary/relators/ctb
700 1 _aSyauqi Bin-Armia, Muhammad,
_econtributor.
_4ctb
_4https://id.loc.gov/vocabulary/relators/ctb
700 1 _aTahawa, Taufik Hidayat B.,
_econtributor.
_4ctb
_4https://id.loc.gov/vocabulary/relators/ctb
700 1 _aTauhidi,,
_econtributor.
_4ctb
_4https://id.loc.gov/vocabulary/relators/ctb
700 1 _aTazkya Nurdyawati, Tika,
_econtributor.
_4ctb
_4https://id.loc.gov/vocabulary/relators/ctb
700 1 _aTimbasz, Ghozali,
_econtributor.
_4ctb
_4https://id.loc.gov/vocabulary/relators/ctb
700 1 _aTupamahu, Chresty Thessy,
_econtributor.
_4ctb
_4https://id.loc.gov/vocabulary/relators/ctb
700 1 _aUtomo, Setyo,
_econtributor.
_4ctb
_4https://id.loc.gov/vocabulary/relators/ctb
700 1 _aWaluyo,,
_econtributor.
_4ctb
_4https://id.loc.gov/vocabulary/relators/ctb
700 1 _aWardana, Amika,
_econtributor.
_4ctb
_4https://id.loc.gov/vocabulary/relators/ctb
700 1 _aWedayanti, Made Devi,
_econtributor.
_4ctb
_4https://id.loc.gov/vocabulary/relators/ctb
700 1 _aWidiyastuti, Sri,
_econtributor.
_4ctb
_4https://id.loc.gov/vocabulary/relators/ctb
700 1 _aYogia, Moris Adidi,
_econtributor.
_4ctb
_4https://id.loc.gov/vocabulary/relators/ctb
700 1 _aYogia, Morris Adidi,
_econtributor.
_4ctb
_4https://id.loc.gov/vocabulary/relators/ctb
700 1 _aYogia, Morris Adidia,
_econtributor.
_4ctb
_4https://id.loc.gov/vocabulary/relators/ctb
700 1 _aYuliastini, Anita,
_econtributor.
_4ctb
_4https://id.loc.gov/vocabulary/relators/ctb
700 1 _aYulinda,,
_econtributor.
_4ctb
_4https://id.loc.gov/vocabulary/relators/ctb
700 1 _aYusro, Andista Candra,
_eeditor.
_4edt
_4http://id.loc.gov/vocabulary/relators/edt
700 1 _aZainal,,
_econtributor.
_4ctb
_4https://id.loc.gov/vocabulary/relators/ctb
700 1 _aZulkarnain,,
_econtributor.
_4ctb
_4https://id.loc.gov/vocabulary/relators/ctb
856 4 0 _uhttps://sciendo.com/book/9788366675377
_zOpen Access
_70
856 4 2 _3Cover
_uhttps://www.degruyter.com/document/cover/isbn/9788366675377/original
942 _cE-BOOK
999 _c70639
_d70638